01744cam a22004095a 4500001000800000005001700008008004100025010001700066020001800083040003300101041001300134082002100147100005500168240004000223245012100263250002500384260007100409300003500480490004200515500008700557500004800644500002400692504004100716546006000757650003500817650003400852651001000886653002400896700006100920700004300981942003001024999001701054336002601071337002801097338002701125952018201152268818420240818093003.0750210t1975 enka frb 001 0 eng d a 75004737  a9780750627689 aDLCbengcDLCdDLCdEG-ScBUE1 aenghrus04a530.141bLAN2221 aLandau, L. D.q(Lev Davidovich),d1908-196893848010aTeorii︠a︡ poli︠a︡.lEnglish14aThe classical theory of fields /cL. D. Landau and E. M. Lifshitz ; translated from the Russian by Morton Hamermesh. a4th rev. English ed. aOxford ;aBurlington :bButterworth-Heinemann / Elsevier,cc.1975. axiii, 428 p. :bill. ;c24 cm.0 aCourse of theoretical physics ;vv. 2 aTranslated from the 6th rev. ed. of Teorii︠a︡ poli︠a︡, Nauka, Moscow 1973. aFirst published by Pergamon Press Ltd 1951. aIndex : p. 425-428. aIncludes bibliographical references. aText in English ; translated from the original Russian. 0aElectromagnetic fields.2BUEsh 0aField theory (Physics)2BUEsh 2BUEsh bENGGENcOctober20151 aLifshit︠s︡, E. M.q(Evgeniĭ Mikhaĭlovich)9384831 aHamermesh, Morton, etranslator.96446 2ddck530.141 LANhRDA-MOD c20896d20868 2rdacontentatextbtxt aunmediated2rdamediabn avolumebnc2rdacarrier 00102ddc40708BaccahaMAINbMAINc1STd2015-10-12ePurchaseg360.00h22696l2m34o530.141 LANp000039876q2020-03-16r2018-01-03 00:00:00s2018-01-03v450.00w2015-10-12yBB